000
00304nam a2200109Ia 4500
008
220204s9999 xx 000 0 und d
082
_a
330.59:301.188.1
_b
REP
245
0
_a
Report of the Indian famine commission
260
_a
New Delhi
_b
Agricole
_c
1979
650
_a
Finance commission report
942
_c
BK
999
_c
36613
_d
36613